hiéroglyphes : unilitères (1/2) - Statistiques

Statistiques générales
  • Ce quiz a été pris 189 fois
    111 depuis la dernière actualisation
  • Le résultat moyen est 11 sur 14
Statistiques - réponses
Par images Réponse % Correct
n
91%
p
87%
i | j (yod)
84%
w (ou)
84%
b
83%
r
81%
f
80%
m
80%
m
80%
y (double yod)
78%
y (double yod)
77%
3 (aleph)
72%
w (ou)
72%
n
69%
ayn (Ꜥ ayn)
48%
Aucun quiz correspondant
Distribution des résultats
% des personnes avec chaque résultat
Percentile par nombre de réponses
Votre historique - résultats
Vous n’avez pas pris ce quiz depuis la dernière actualisation